Manual de prevenció i control de la lepra
Publicado:
Barcelona :
Secretaria General Tècnica del Departament de Sanitat i Seguretat Social ,
1982
Descripción Física:
34 p. ; 21 cm
Colección:
Quaderns de Salut ; 6
Otros Autores:
Catalunya. Direcció General de Promoció de la Salut
Materias:
Lepra -- Prevenció
MARC
| LEADER | 00000nam a2200000Ia 4500 | ||
|---|---|---|---|
| 001 | 1396 | ||
| 008 | 160829s1982 xx 000 0 cat d | ||
| 080 | |a FU-4-29 | ||
| 245 | |a Manual de prevenció i control de la lepra | ||
| 260 | |a Barcelona : |b Secretaria General Tècnica del Departament de Sanitat i Seguretat Social, |c 1982 | ||
| 300 | |a 34 p. ; |c 21 cm | ||
| 490 | |a Quaderns de Salut ; 6 | ||
| 590 | |a A la part superior de la portada, Generalitat de Catalunya. Departament de Sanitat i Seguretat Social. Direcció General de Promoció de la Salut. | ||
| 650 | |a Lepra |x Prevenció |9 22044 | ||
| 700 | |a Catalunya. Direcció General de Promoció de la Salut |9 36966 | ||
| 901 | |a Arxiu | ||
| 942 | |n 1 | ||
| 952 | |0 0 |1 0 |4 0 |6 FU429 |7 1 |9 42026 |a Arxiu |b Arxiu |d 2016-12-01 |l 0 |o FU-4-29 |p 1396 |r 2016-12-01 00:00:00 |w 2016-12-01 |y ARXIU | ||
| 999 | |c 44473 |d 44473 | ||